Word Vocabulary - SC - Statistics

General Stats
  • This quiz has been taken 942 times
  • The average score is 37 of 100
Answer Stats
word % Correct
scar
96%
scan
92%
scam
91%
scab
87%
scat
86%
scare
84%
scale
81%
school
79%
scad
77%
score
76%
scrap
73%
scree
72%
scope
70%
scot
70%
scone
69%
scag
67%
scarf
67%
scene
67%
scum
65%
scape
64%
scream
64%
scram
61%
scant
59%
screw
59%
scoop
58%
scamp
57%
scalp
55%
scrip
55%
scent
53%
scoot
53%
scrape
53%
screen
51%
script
51%
scow
49%
scratch
47%
scrum
47%
scut
47%
scroll
46%
scall
45%
scarp
45%
scrim
45%
scald
44%
scarce
44%
scout
44%
screech
44%
scrub
44%
scart
41%
scheme
41%
scud
40%
scold
38%
scorn
38%
scotch
38%
scull
38%
scribe
37%
scoff
36%
scour
31%
scrimp
31%
scuff
30%
scup
30%
screed
29%
scythe
28%
scowl
27%
scrawl
27%
scrag
23%
scruff
23%
scathe
22%
sculpt
19%
scry
18%
scorch
17%
scrunch
17%
scrod
14%
scrooge
14%
sconce
13%
scourge
13%
scatt
11%
scrounge
11%
scute
10%
scend
8%
schwa
7%
schlepp
6%
scarph
5%
schist
5%
schmo
5%
schmuck
3%
schnozz
3%
scurf
3%
scaup
2%
schlock
2%
schmaltz
2%
schmooze
2%
schnapps
2%
scaur
1%
schav
1%
schlump
1%
schmear
1%
schtick
1%
schuss
1%
scrooch
1%
schnook
0%
schorl
0%
No matching quizzes found
Score Distribution
Percent of People with Each Score
Percentile by Number Answered
Your Score History
You have not taken this quiz